000 00643nam a22001937a 4500
005 20251108175104.0
008 250721s1995 xx 000 0 ara d
020 _a9772711842
082 1 4 _a746.4/مهد
100 1 _aالمهدي، عنايات
245 1 0 _aتعلمي أصول الخياطة و التفصيل وفق أحدث الأساليب الحديثة في أقصر وقت ممكن /
264 1 _aالقاهرة :
_bمكتبة ابن سينا،
_c1995.
300 _a464 ص.
650 1 7 _aالخياطة
650 1 7 _aصناعة الملابس
650 1 7 _aأشغال الإبرة
942 _2ddc
_cBK
999 _c125884
_d125884